[Event "Titled Tue 20th May Early"]
[Site "chess.com INT"]
[Date "2025.05.20"]
[Round "11"]
[White "Berikkyzy Alanna"]
[Black "Marchesich, Giovanni"]
[Result "0-1"]
[WhiteTitle "WFM"]
[BlackTitle "CM"]
[WhiteElo "2104"]
[BlackElo "2219"]
[WhiteFideId "13780719"]
[BlackFideId "2824790"]
[EventDate "2025.05.20"]

1. e4 f6 2. d4 g6 3. Nc3 Nh6 4. f4 Nf7 5. Be2 Bg7 6. Nf3 O-O 7. Be3 d6 8. O-O
Nc6 9. Qd2 e5 10. fxe5 fxe5 11. d5 Ne7 12. a4 h6 13. a5 a6 14. Na4 Bg4 15. c4 c5
16. dxc6 Nxc6 17. h3 Bxf3 18. Bxf3 Nd4 19. Nb6 Rb8 20. Rae1 Ng5 21. Bxd4 exd4
22. Bg4 Rxf1+ 23. Kxf1 h5 24. Bd1 Be5 25. Kg1 Ne6 26. Rf1 Kg7 27. Bb3 Nc5 28.
Bc2 Qh4 29. Rf3 Rf8 30. Rxf8 Kxf8 31. Qh6+ Kf7 32. Qh7+ Bg7 33. Nc8 Qd8 34. Nb6
d3 35. Bd1 Qh4 36. Nc8 Kf8 37. Qxg6 Qe1+ 38. Kh2 Be5+ 39. g3 Qd2+ 40. Kh1 Qxd1+
41. Kg2 Qe2+ 42. Kg1 Bd4+ 43. Kh1 Qf1+ 44. Kh2 Qg1# 0-1

[Event "Titled Tue 20th May Early"]
[Site "chess.com INT"]
[Date "2025.05.20"]
[Round "11"]
[White "Popov, Konstantin"]
[Black "Krishnan, Varun"]
[Result "1-0"]
[WhiteTitle "FM"]
[BlackTitle "IM"]
[WhiteElo "2378"]
[BlackElo "2370"]
[WhiteFideId "34137910"]
[BlackFideId "5054508"]
[EventDate "2025.05.20"]

1. e4 e6 2. d4 d5 3. Nc3 Nf6 4. e5 Nfd7 5. Nce2 c5 6. c3 Nc6 7. Nf3 Be7 8. a3
O-O 9. Nf4 Qa5 10. dxc5 Ndxe5 11. b4 Qc7 12. Be2 Bf6 13. Bd2 Nxf3+ 14. Bxf3 Bxc3
15. Bxc3 Qxf4 16. O-O d4 17. Bd2 Qf6 18. Re1 e5 19. b5 Ne7 20. Qe2 Ng6 21. c6
bxc6 22. Bxc6 Rb8 23. Bb4 Rd8 24. Ba5 d3 25. Bxd8 Qxd8 26. Rad1 Bf5 27. Qe3 Qa5
28. Be4 Bxe4 29. Qxe4 d2 30. Re2 Rd8 31. Qe3 Qxb5 32. Rexd2 Rxd2 33. Qxd2 h6 34.
g3 Kh7 35. Qe3 a5 36. h4 f6 37. h5 Qa4 38. hxg6+ Kxg6 39. Re1 Qe8 40. Qc3 h5 41.
Qxa5 h4 42. gxh4 Qe7 43. Qc3 Qe6 44. Qg3+ Kh7 45. Kh2 Qf5 46. Rg1 g6 47. Rg2 e4
48. Qg4 Qe5+ 49. Rg3 g5 50. hxg5 e3 51. gxf6 exf2 52. Qg7# 1-0

[Event "Titled Tue 20th May Early"]
[Site "chess.com INT"]
[Date "2025.05.20"]
[Round "11"]
[White "Khodashenas, Mersad"]
[Black "Petriashvili, Nikoloz"]
[Result "0-1"]
[WhiteTitle "IM"]
[BlackTitle "IM"]
[WhiteElo "2471"]
[BlackElo "2468"]
[WhiteFideId "12514195"]
[BlackFideId "13611216"]
[EventDate "2025.05.20"]

1. e4 Na6 2. Nf3 c6 3. d4 g6 4. c4 Bg7 5. Nc3 d6 6. Be3 Nf6 7. Be2 O-O 8. O-O
Qc7 9. Rc1 Ng4 10. Bg5 e5 11. h3 Nf6 12. Be3 exd4 13. Nxd4 Re8 14. f3 Qe7 15.
Bf2 Nc5 16. Re1 a5 17. Bf1 Bd7 18. Rc2 Rad8 19. b3 Bc8 20. Rd2 Nh5 21. g3 Qc7
22. Kh2 Be5 23. f4 Bg7 24. Bg2 Nf6 25. Qc2 h5 26. Nf3 Re7 27. Rde2 Rde8 28. e5
Nfd7 29. exd6 Qxd6 30. Rxe7 Rxe7 31. Rxe7 Qxe7 32. Ne2 Ne4 33. Bd4 Ndf6 34. Be5
Nd6 35. Nc3 Nf5 36. Qd2 Nd7 37. Bxg7 Kxg7 38. Nd1 Nf6 39. Qxa5 h4 40. g4 Ng3 41.
Qe5 Qd8 42. Ne3 Kg8 43. Nxh4 Nd7 44. Qd4 Qxh4 0-1

[Event "Titled Tue 20th May Early"]
[Site "chess.com INT"]
[Date "2025.05.20"]
[Round "11"]
[White "Bashirli, Saadat"]
[Black "Karpenko, Anton"]
[Result "1-0"]
[WhiteTitle "WCM"]
[BlackTitle "CM"]
[WhiteElo "1941"]
[BlackElo "2218"]
[WhiteFideId "13429990"]
[BlackFideId "34374353"]
[EventDate "2025.05.20"]

1. d4 Nf6 2. c4 c5 3. d5 e6 4. Nc3 exd5 5. cxd5 d6 6. e4 g6 7. Nf3 a6 8. a4 Bg4
9. Be2 Bxf3 10. Bxf3 Nbd7 11. O-O Bg7 12. Be2 O-O 13. Qc2 Qe7 14. f3 Rfc8 15. a5
b5 16. axb6 Nxb6 17. Be3 Nbxd5 18. Bg5 Nb4 19. Qd2 Qf8 20. Rfd1 h6 21. Bf4 Ne8
22. Bc4 g5 23. Be3 a5 24. Nb5 Rd8 25. Ra3 Qe7 26. Rda1 Be5 27. Rxa5 Rxa5 28.
Rxa5 Nf6 29. Ra7 Rd7 30. Ra8+ Kh7 31. Bxg5 d5 32. exd5 hxg5 33. Qxg5 Bd4+ 34.
Nxd4 Qe1+ 35. Bf1 cxd4 36. Qxf6 1-0

[Event "Titled Tue 20th May Early"]
[Site "chess.com INT"]
[Date "2025.05.20"]
[Round "11"]
[White "Aarav Sinha"]
[Black "Gong, Qianyun"]
[Result "1-0"]
[WhiteTitle "FM"]
[BlackTitle "WGM"]
[WhiteElo "2255"]
[BlackElo "2265"]
[WhiteFideId "25674064"]
[BlackFideId "8602425"]
[EventDate "2025.05.20"]

1. e4 e5 2. Nf3 Nc6 3. Bc4 Nf6 4. d3 Bc5 5. O-O d6 6. c3 a5 7. Nbd2 O-O 8. h3
Ba7 9. Re1 Be6 10. Bb5 Ne7 11. Nf1 c6 12. Ba4 b5 13. Bc2 a4 14. Ng3 h6 15. d4
Ng6 16. Be3 Qc7 17. Qd2 Kh7 18. Nf5 Bxf5 19. exf5 Ne7 20. dxe5 dxe5 21. Nxe5
Bxe3 22. Qxe3 Rae8 23. Qg3 Ned5 24. Nf3 Qxg3 25. fxg3 Ne3 26. Bd3 Nfd5 27. Kf2
g6 28. Nd4 Kg7 29. Nxc6 gxf5 30. Nd4 Kf6 31. Bxb5 Rb8 32. Rxe3 Nxe3 33. Kxe3 Rg8
34. Kf2 a3 35. b3 Rgc8 36. Bc4 Re8 37. Rf1 Kg5 38. Kg1 Re5 39. Nf3+ 1-0

[Event "Titled Tue 20th May Early"]
[Site "chess.com INT"]
[Date "2025.05.20"]
[Round "11"]
[White "Kosakowski, Jakub"]
[Black "Le, Quang Liem"]
[Result "1-0"]
[WhiteTitle "GM"]
[BlackTitle "GM"]
[WhiteElo "2530"]
[BlackElo "2729"]
[WhiteFideId "1185080"]
[BlackFideId "12401137"]
[EventDate "2025.05.20"]

1. e4 e5 2. Nf3 Nc6 3. d4 exd4 4. Nxd4 Qf6 5. Ne2 Bc5 6. Nf4 Nge7 7. Nc3 O-O 8.
Be2 Nd4 9. O-O Nxe2+ 10. Qxe2 c6 11. Be3 Bb6 12. Rad1 d6 13. Bxb6 axb6 14. Qe3
b5 15. a3 Re8 16. Nh5 Qg6 17. Ng3 Bd7 18. Qb6 Nc8 19. Qxb7 Ra7 20. Qb8 Qf6 21.
Nf5 Bxf5 22. exf5 Qxf5 23. Rfe1 Rf8 24. Rxd6 Nxd6 25. Qxa7 Qxc2 26. Qc5 Nc4 27.
Qxc6 Nxb2 28. h3 Nd3 29. Re2 Qc1+ 30. Kh2 h6 31. Qc7 Qf1 32. Qg3 Rd8 33. Rd2 f5
34. Rd1 Qxf2 35. Qxf2 Nxf2 36. Rxd8+ Kh7 37. Nxb5 Ne4 38. a4 Nc5 39. a5 Nb7 40.
Ra8 1-0

[Event "Titled Tue 20th May Early"]
[Site "chess.com INT"]
[Date "2025.05.20"]
[Round "11"]
[White "Sakun, Volodymyr"]
[Black "Moiseenko, Alexander"]
[Result "0-1"]
[WhiteTitle "FM"]
[BlackTitle "GM"]
[WhiteElo "2301"]
[BlackElo "2568"]
[WhiteFideId "14114062"]
[BlackFideId "14102560"]
[EventDate "2025.05.20"]

1. d4 Nf6 2. Nf3 d5 3. c4 e6 4. cxd5 exd5 5. Nc3 Bb4 6. Bg5 h6 7. Bxf6 Qxf6 8.
Qb3 c5 9. a3 Bxc3+ 10. Qxc3 c4 11. e4 Qe7 12. O-O-O O-O 13. exd5 b5 14. Re1 Qd6
15. Ne5 Bb7 16. Be2 Bxd5 17. Bf3 Nc6 18. Bxd5 Qxd5 19. Nxc6 Qxc6 20. Re5 Qxg2
21. Rhe1 Qxf2 22. d5 Rad8 23. h3 a6 24. Rh5 Rfe8 25. Rhe5 Rxe5 26. Qxe5 Rxd5 27.
Qe8+ Kh7 28. Qe4+ f5 0-1

[Event "Titled Tue 20th May Early"]
[Site "chess.com INT"]
[Date "2025.05.20"]
[Round "11"]
[White "Jacobsen, Mikkel Manosri"]
[Black "Bruhovich, Olexandr"]
[Result "1-0"]
[WhiteTitle "FM"]
[BlackTitle "CM"]
[WhiteElo "2223"]
[BlackElo "2208"]
[WhiteFideId "1444514"]
[BlackFideId "14119919"]
[EventDate "2025.05.20"]

1. d4 f6 2. Nf3 g6 3. Bf4 Bg7 4. e4 b6 5. c4 Bb7 6. Nc3 e6 7. Bd3 d6 8. Qd2 Nd7
9. h4 h5 10. O-O-O Kf7 11. e5 dxe5 12. Bxg6+ Kxg6 13. dxe5 Bc8 14. Qd3+ f5 15.
Ng5 Bh6 16. Nxe6 Qe7 17. Bxh6 Qxe6 18. Bg5 Nc5 19. Qd8 Bb7 20. Qxc7 Rc8 21. Qd6
Rc6 22. Qd4 Ne4 23. Nd5 Kh7 24. f3 b5 25. fxe4 Rxc4+ 26. Qxc4 bxc4 27. Nf4 Qxe5
28. Rd7+ Qg7 29. Rxg7+ Kxg7 30. exf5 Nf6 31. Re1 Kf7 32. Re6 Ng8 33. Ng6 Rh7 34.
Ne5+ Kf8 35. f6 Rc7 36. f7 Ne7 37. Rh6 1-0

[Event "Titled Tue 20th May Early"]
[Site "chess.com INT"]
[Date "2025.05.20"]
[Round "11"]
[White "Fiskaaen, Martin Holten"]
[Black "Murawski, Jan"]
[Result "1/2-1/2"]
[WhiteTitle "FM"]
[BlackTitle "CM"]
[WhiteElo "2292"]
[BlackElo "2191"]
[WhiteFideId "1550233"]
[BlackFideId "21009287"]
[EventDate "2025.05.20"]

1. d4 Nf6 2. Nf3 d5 3. Bf4 c5 4. e3 e6 5. Nbd2 Bd6 6. dxc5 Bxf4 7. exf4 Qc7 8.
g3 Qxc5 9. c3 O-O 10. Bd3 Nc6 11. O-O a5 12. Re1 b6 13. Qe2 a4 14. a3 Na5 15.
Rad1 h6 16. Ne5 Nd7 17. Ndf3 Nc6 18. Nxc6 Qxc6 19. Bb5 Qd6 20. h4 Nc5 21. Ne5
Ba6 22. Bxa6 Rxa6 23. Rd4 Ra5 24. Rb4 Na6 25. Rb5 Rxb5 26. Qxb5 Nc5 27. Rd1 Rc8
28. Nc4 Qc7 29. Ne5 Qd6 30. Nf3 Qc6 31. Qb4 Na6 32. Qd4 Qb5 33. Qd2 Nc5 34. Nd4
Qc4 35. Re1 Nb3 36. Qe3 Nxd4 37. cxd4 Qb5 38. Re2 Rc4 39. Qe5 Qc6 40. Kg2 Qc7
41. Qe3 b5 42. h5 Qb6 43. Rd2 b4 44. axb4 Rxb4 45. Qc3 Rc4 46. Qd3 Qb3 47. Qe2
Qb4 48. f5 exf5 49. Qe8+ Kh7 50. Qxf7 Qxd2 51. Qg6+ Kg8 52. Qe8+ Kh7 53. Qg6+
Kh8 54. Qe8+ Kh7 55. Qg6+ 1/2-1/2

[Event "Titled Tue 20th May Early"]
[Site "chess.com INT"]
[Date "2025.05.20"]
[Round "11"]
[White "Antoniou, Rafail"]
[Black "Luong Phuong Hanh"]
[Result "1-0"]
[WhiteTitle "CM"]
[BlackTitle "WIM"]
[WhiteElo "2134"]
[BlackElo "2144"]
[WhiteFideId "5904390"]
[BlackFideId "12401013"]
[EventDate "2025.05.20"]

1. Nc3 Nf6 2. d4 d5 3. Bf4 g6 4. Nb5 Na6 5. e3 Bg7 6. Nf3 O-O 7. h4 c5 8. Be2
cxd4 9. exd4 Bg4 10. c3 Nh5 11. Be5 f6 12. Bh2 Re8 13. O-O Qb6 14. a4 Qd8 15.
Re1 e6 16. Qd2 Qd7 17. Na3 Nc7 18. Nc2 a6 19. Ne3 Bxf3 20. Bxf3 Rad8 21. g4 e5
22. gxh5 e4 23. Bg2 f5 24. hxg6 hxg6 25. Bf4 Ne6 26. Nc2 Kh7 27. Be5 Bh6 28. Qe2
f4 29. Qg4 Qf7 30. f3 e3 31. Bh3 Ng7 32. Re2 Nf5 33. Rg2 Re6 34. h5 Rg8 35. Kh2
Ne7 36. Qxe6 Qxe6 37. Bxe6 Re8 38. Bf7 1-0

[Event "Titled Tue 20th May Early"]
[Site "chess.com INT"]
[Date "2025.05.20"]
[Round "11"]
[White "Altynbek, Aiaru"]
[Black "Chen, Yidong"]
[Result "0-1"]
[WhiteTitle "WFM"]
[WhiteElo "1977"]
[BlackElo "2038"]
[WhiteFideId "13752472"]
[BlackFideId "8607028"]
[EventDate "2025.05.20"]

1. d4 Nf6 2. c4 g6 3. Nf3 Bg7 4. g3 O-O 5. Bg2 c5 6. O-O cxd4 7. Nxd4 Nc6 8.
Nxc6 bxc6 9. Nc3 d6 10. Bxc6 Rb8 11. Bg2 Be6 12. Nd5 Nxd5 13. cxd5 Bg4 14. Rb1
Qa5 15. a3 Qa6 16. Bf3 Bh3 17. Bg2 Bg4 18. f3 Bf5 19. e4 Bd7 20. b4 Bb5 21. Re1
Rfc8 22. Bg5 Bc3 23. Re3 f6 24. Bh6 Qb6 25. Kh1 Bd4 26. Re1 Bf2 27. f4 Bxe1 28.
Qxe1 Rc2 29. Rc1 Rbc8 30. Rxc2 Rxc2 31. e5 Re2 32. Qc1 Qb7 33. exf6 exf6 34. f5
Ba6 35. fxg6 hxg6 36. Bf4 Qe7 37. Bf3 Re1+ 0-1

[Event "Titled Tue 20th May Early"]
[Site "chess.com INT"]
[Date "2025.05.20"]
[Round "11"]
[White "Svetlov, Dmitry"]
[Black "Berezin, Viktor RUS"]
[Result "1-0"]
[WhiteTitle "IM"]
[BlackTitle "FM"]
[WhiteElo "2335"]
[BlackElo "1921"]
[WhiteFideId "24102610"]
[BlackFideId "4128869"]
[EventDate "2025.05.20"]

1. d4 Nf6 2. c4 g6 3. Nc3 d5 4. cxd5 Nxd5 5. Bd2 Bg7 6. e4 Nb6 7. d5 O-O 8. Nf3
c6 9. dxc6 Nxc6 10. Be2 Bg4 11. O-O Bxf3 12. Bxf3 Nc4 13. Bc1 Nd4 14. b3 Ne5 15.
Be2 Rc8 16. Bb2 Nxe2+ 17. Qxe2 Qd3 18. Rfd1 Qxe2 19. Nxe2 Rc2 20. Bxe5 Bxe5 21.
Nd4 Rb2 22. Nf3 Bg7 23. e5 Rb8 24. Rd7 Kf8 25. Rad1 Rxa2 26. Rd8+ Rxd8 27. Rxd8# 1-0

[Event "Titled Tue 20th May Early"]
[Site "chess.com INT"]
[Date "2025.05.20"]
[Round "11"]
[White "Tsyhanchuk, Stanislav"]
[Black "Winkels, Marcel"]
[Result "1-0"]
[WhiteTitle "IM"]
[BlackTitle "CM"]
[WhiteElo "2273"]
[BlackElo "1918"]
[WhiteFideId "13505130"]
[BlackFideId "1003887"]
[EventDate "2025.05.20"]

1. e4 c5 2. a3 g6 3. Nf3 Bg7 4. Nc3 d6 5. d4 cxd4 6. Nxd4 Nf6 7. Be3 Nc6 8. f3
Bd7 9. Qd2 Rb8 10. O-O-O a6 11. h4 h5 12. Be2 b5 13. Nxc6 Bxc6 14. g4 hxg4 15.
fxg4 Nxe4 16. Nxe4 Bxe4 17. Rhe1 Rc8 18. Bd3 Bf3 19. Be2 Bxe2 20. Qxe2 O-O 21.
h5 e6 22. Rh1 Qf6 23. Bd4 e5 24. Be3 Rc4 25. g5 Qe6 26. Rdf1 Rfc8 27. c3 Re4 28.
Qd3 d5 29. hxg6 Qxg6 30. Bd2 d4 31. Qh3 Re2 32. Qxc8+ Bf8 33. Rh8+ Kxh8 34.
Qxf8+ 1-0

[Event "Titled Tue 20th May Early"]
[Site "chess.com INT"]
[Date "2025.05.20"]
[Round "11"]
[White "Skiadopoulos, Nikolaos"]
[Black "Can, Melih Kaan"]
[Result "1/2-1/2"]
[WhiteTitle "CM"]
[BlackTitle "CM"]
[WhiteElo "1882"]
[BlackElo "2171"]
[WhiteFideId "4200772"]
[BlackFideId "6317383"]
[EventDate "2025.05.20"]

1. e4 g6 2. d4 Bg7 3. Nc3 c6 4. Be2 d5 5. e5 e6 6. Nf3 Ne7 7. Be3 Nd7 8. g4 Qb6
9. Qd2 Qxb2 10. Rb1 Qa3 11. O-O Qa5 12. Ne4 Qxd2 13. Nd6+ Kf8 14. Nxd2 b5 15.
Nb3 a5 16. a4 b4 17. f4 Ba6 18. Bxa6 Rxa6 19. f5 gxf5 20. gxf5 exf5 21. Nxf5
Nxf5 22. Rxf5 Rg8 23. Kh1 Nb6 24. Rbf1 Ra7 25. e6 f6 26. Bg5 Nxa4 27. Bxf6 Ke8
28. Bxg7 Rgxg7 29. Rf8+ Ke7 30. Rc8 Kxe6 31. Rxc6+ Kd7 32. Rff6 Nc3 33. Nc5+ Ke7
34. Rfe6+ Kf7 35. Rf6+ Ke7 36. Rfe6+ Kd8 37. Red6+ Ke7 38. Re6+ 1/2-1/2

[Event "Titled Tue 20th May Early"]
[Site "chess.com INT"]
[Date "2025.05.20"]
[Round "11"]
[White "Mayaud, Raphael"]
[Black "Newansa, M Esandi"]
[Result "0-1"]
[WhiteTitle "CM"]
[BlackTitle "WCM"]
[WhiteElo "2126"]
[BlackElo "1947"]
[WhiteFideId "627151"]
[BlackFideId "9999060"]
[EventDate "2025.05.20"]

1. d4 d5 2. c4 c6 3. Nf3 Nf6 4. Nc3 dxc4 5. a4 Bf5 6. e3 e6 7. Bxc4 Bb4 8. O-O
O-O 9. Nh4 Bg4 10. f3 Bh5 11. g3 Nd5 12. Qb3 a5 13. Na2 Qe7 14. e4 Nb6 15. Be2
c5 16. Be3 Nc6 17. Nxb4 Nxb4 18. dxc5 Nd7 19. Rac1 Rfc8 20. Rc4 Rc6 21. Rfc1 Ne5
22. R4c3 g5 23. Bd4 Nd7 24. Ng2 Rac8 25. Kf2 Nxc5 26. Bxc5 Rxc5 27. Rxc5 Rxc5
28. Rxc5 Qxc5+ 29. Kf1 Bg6 30. Qc3 Qxc3 31. bxc3 Na2 32. c4 Nc3 33. Ne3 Nxa4 34.
Ke1 Nc3 35. Bd3 Na4 36. Kd2 Nc5 37. Be2 Kf8 38. Kc3 Ke7 39. Kd4 Kd6 40. e5+ Kc6
41. f4 gxf4 42. gxf4 Kb6 43. h4 a4 44. Kc3 Ka5 45. Kd4 Kb4 46. Bf3 b6 0-1

[Event "Titled Tue 20th May Early"]
[Site "chess.com INT"]
[Date "2025.05.20"]
[Round "11"]
[White "Rozum, Ivan"]
[Black "Tan, Jun Ying"]
[Result "0-1"]
[WhiteTitle "GM"]
[BlackTitle "FM"]
[WhiteElo "2439"]
[BlackElo "2414"]
[WhiteFideId "24104272"]
[BlackFideId "5710413"]
[EventDate "2025.05.20"]

1. g3 c5 2. Bg2 Nc6 3. Nf3 g6 4. d4 cxd4 5. Nxd4 Bg7 6. Nb3 Nf6 7. c4 O-O 8. Nc3
d6 9. O-O Ne5 10. Nd2 Be6 11. b3 d5 12. cxd5 Nxd5 13. Nxd5 Bxd5 14. Bb2 Bxg2 15.
Kxg2 Qd5+ 16. Nf3 Qe4 17. Bxe5 Bxe5 18. Rc1 Bf6 19. Qc2 Qe6 20. Qc4 Qf5 21. Rfd1
Rac8 22. Qa4 a6 23. e4 Qe6 24. Rxc8 Rxc8 25. Qd7 Rc6 26. Qe8+ Kg7 27. Rd8 Kh6
28. h4 Qxe4 29. Qxf7 Rc3 30. Qf8+ Kh5 31. Kh3 Qxf3 0-1

[Event "Titled Tue 20th May Early"]
[Site "chess.com INT"]
[Date "2025.05.20"]
[Round "11"]
[White "Manukian, Artak"]
[Black "Kjartansson, Gudmundur"]
[Result "1-0"]
[BlackTitle "GM"]
[WhiteElo "2104"]
[BlackElo "2437"]
[WhiteFideId "13301373"]
[BlackFideId "2301318"]
[EventDate "2025.05.20"]

1. e4 c5 2. Nf3 Nc6 3. c3 Nf6 4. e5 Nd5 5. d4 cxd4 6. cxd4 d6 7. Nc3 Nxc3 8.
bxc3 dxe5 9. d5 Na5 10. Nxe5 Bd7 11. Qf3 Qc7 12. Nxf7 Rg8 13. Bf4 Qc5 14. Ne5
Bf5 15. Bd2 e6 16. g4 Bd6 17. gxf5 Bxe5 18. fxe6 O-O-O 19. Bg2 Rgf8 20. Qe3
Qxe3+ 21. fxe3 Nc4 22. Rf1 Rxf1+ 23. Bxf1 Nxd2 24. Kxd2 Rxd5+ 25. Kc2 Bf6 26.
Rd1 Rc5 27. Rd3 Rf5 28. Bh3 Rf2+ 29. Kb3 Kc7 30. e7 Bxe7 31. Rd7+ Kc6 32. Rxe7
Rxh2 33. Bg4 h5 34. Bf3+ Kd6 35. Rxg7 h4 36. Bxb7 h3 37. Rh7 Kc5 38. Be4 1-0

[Event "Titled Tue 20th May Early"]
[Site "chess.com INT"]
[Date "2025.05.20"]
[Round "11"]
[White "Williams, Simon K"]
[Black "Ilinca, Felix-Antonio"]
[Result "0-1"]
[WhiteTitle "GM"]
[BlackTitle "IM"]
[WhiteElo "2445"]
[BlackElo "2420"]
[WhiteFideId "404454"]
[BlackFideId "54764998"]
[EventDate "2025.05.20"]

1. d4 d5 2. c4 c6 3. Nc3 Nf6 4. Nf3 dxc4 5. e4 b5 6. e5 Nd5 7. Ng5 Bf5 8. Be2 e6
9. O-O Nxc3 10. bxc3 h6 11. Nf3 Nd7 12. a4 a6 13. a5 Be7 14. Nd2 O-O 15. Bf3 Qc7
16. Ne4 Rfd8 17. Qe2 Rac8 18. g4 Bg6 19. h4 Bxh4 20. Kg2 c5 21. Rh1 Be7 22. Bxh6
gxh6 23. Qe3 Bf8 24. Rxh6 Bg7 25. Nd6 cxd4 26. cxd4 Nf8 27. Rah1 Rxd6 28. exd6
Qxd6 29. Bb7 Rc7 30. Qh3 Bxh6 31. Qxh6 Nh7 32. Bf3 c3 33. Qe3 c2 34. Rc1 b4 35.
d5 exd5 36. g5 d4 37. Qe8+ Kg7 38. Qa8 d3 39. Re1 c1=Q 40. Re8 Qxg5+ 0-1

[Event "Titled Tue 20th May Early"]
[Site "chess.com INT"]
[Date "2025.05.20"]
[Round "11"]
[White "Sklokin, Sergey"]
[Black "Potawad, Anirudhha"]
[Result "0-1"]
[WhiteTitle "FM"]
[BlackTitle "FM"]
[WhiteElo "2311"]
[BlackElo "2288"]
[WhiteFideId "55730230"]
[BlackFideId "45081506"]
[EventDate "2025.05.20"]

1. d4 Nf6 2. c4 e6 3. Nf3 d5 4. g3 Be7 5. Bg2 O-O 6. O-O dxc4 7. Qc2 b5 8. a4
Bb7 9. axb5 a6 10. bxa6 Nxa6 11. Qd1 c5 12. Nc3 cxd4 13. Nxd4 Bxg2 14. Kxg2 Qb6
15. Nf3 Rfd8 16. Qe1 Qb7 17. e4 Rab8 18. Qe2 Nc5 19. Bf4 Rbc8 20. e5 Nd5 21.
Nxd5 exd5 22. Be3 d4 23. Bf4 d3 24. Qe3 d2 25. Kg1 Rd3 26. Qe2 Qxf3 27. Qxf3
Rxf3 28. Bxd2 Nb3 29. Rad1 Nxd2 30. Rxd2 c3 31. bxc3 Rfxc3 32. Kg2 g6 33. f4 Rc2
34. Rff2 Rxd2 35. Rxd2 h5 36. h3 Rc3 37. Re2 Bc5 38. e6 Kf8 39. exf7 Kxf7 40. g4
h4 41. f5 Rg3+ 42. Kh2 g5 43. Rc2 Bd6 44. Rc6 Ke7 45. f6+ Ke6 46. f7 Rf3+ 47.
Kg2 Rxf7 48. Ra6 Rb7 49. Ra5 Rb2+ 50. Kf3 Bf4 51. Ra6+ Kd5 52. Ra5+ Kc4 53. Rxg5
Bxg5 0-1

[Event "Titled Tue 20th May Early"]
[Site "chess.com INT"]
[Date "2025.05.20"]
[Round "11"]
[White "Ruiz Aguilar, Pablo Alexander"]
[Black "Danzer, George"]
[Result "0-1"]
[WhiteTitle "FM"]
[BlackTitle "CM"]
[WhiteElo "2141"]
[BlackElo "2172"]
[WhiteFideId "4401352"]
[BlackFideId "4659465"]
[EventDate "2025.05.20"]

1. e4 c5 2. Nf3 d6 3. d4 cxd4 4. Nxd4 Nf6 5. Nc3 a6 6. Bg5 e6 7. f4 Nbd7 8. Qf3
Qc7 9. O-O-O Be7 10. g4 b5 11. Bxf6 gxf6 12. f5 Ne5 13. Qh3 Bd7 14. fxe6 fxe6
15. Qh5+ Ng6 16. Bd3 O-O-O 17. Ndxb5 axb5 18. Bxb5 Ne5 19. Bxd7+ Rxd7 20. Rd4
Rg8 21. Qxh7 Rxg4 22. h4 Rg2 23. h5 Bd8 24. Qh8 Nc4 25. h6 Ne3 26. h7 Rxc2+ 27.
Kb1 Qb6 28. Na4 Qxd4 29. Qe8 Qxa4 30. h8=Q Rxb2+ 31. Kxb2 Qb4+ 0-1

[Event "Titled Tue 20th May Early"]
[Site "chess.com INT"]
[Date "2025.05.20"]
[Round "11"]
[White "Henriquez Villagra, Cristobal"]
[Black "Nagare Kaivalya Sandip"]
[Result "0-1"]
[WhiteTitle "GM"]
[BlackTitle "FM"]
[WhiteElo "2597"]
[BlackElo "2321"]
[WhiteFideId "3409350"]
[BlackFideId "25957929"]
[EventDate "2025.05.20"]

1. d4 Nf6 2. Nd2 d5 3. e3 c5 4. c3 Nc6 5. dxc5 a5 6. Bb5 e5 7. b4 Be7 8. Ngf3 e4
9. Nd4 Qc7 10. a3 O-O 11. Bb2 Ne5 12. h3 h5 13. Be2 Ng6 14. c4 dxc4 15. Nxc4 Rd8
16. Qc2 Nh4 17. O-O Rd5 18. f4 exf3 19. Bxf3 Rg5 20. Qf2 Nxg2 21. Bxg2 Bxh3 22.
Qf4 Rxg2+ 23. Kh1 Qxf4 24. Rxf4 axb4 25. axb4 Rxa1+ 26. Bxa1 Ra2 27. Bb2 Nd5 28.
Re4 Bf6 29. Kg1 Nxb4 30. Re8+ Kh7 31. Rb8 Na6 32. Rxb7 Nxc5 33. Rxf7 Nd3 34. Rb7
Ra4 35. Nf3 Nxb2 36. Nxb2 Rg4+ 37. Kh2 Bg2 0-1

[Event "Titled Tue 20th May Early"]
[Site "chess.com INT"]
[Date "2025.05.20"]
[Round "11"]
[White "Buchenau, Frank"]
[Black "Pavlidou, Ekaterini"]
[Result "1-0"]
[WhiteTitle "FM"]
[BlackTitle "WIM"]
[WhiteElo "2190"]
[BlackElo "2198"]
[WhiteFideId "4604350"]
[BlackFideId "4213262"]
[EventDate "2025.05.20"]

1. e4 c5 2. g3 Nc6 3. Bg2 g6 4. Ne2 Bg7 5. c3 e6 6. d4 cxd4 7. Nxd4 Nge7 8. Be3
a6 9. c4 O-O 10. Nc3 Ne5 11. b3 h5 12. h3 b5 13. f4 N5c6 14. cxb5 axb5 15. Ncxb5
Qa5+ 16. Qd2 Qxd2+ 17. Kxd2 Ba6 18. Nxc6 Nxc6 19. Nc7 Bxa1 20. Rxa1 d5 21. Nxa8
d4 22. Bf2 Rxa8 23. e5 Bb5 24. a4 Ra7 25. Rc1 Nb4 26. Bxd4 Rd7 27. axb5 Rxd4+
28. Kc3 Na2+ 29. Kxd4 Nxc1 30. b6 Nxb3+ 31. Kc4 Na5+ 32. Kb5 Nb3 33. b7 Nd4+ 34.
Kb6 1-0

[Event "Titled Tue 20th May Early"]
[Site "chess.com INT"]
[Date "2025.05.20"]
[Round "11"]
[White "Flis, Pawel"]
[Black "Porozhnyak, Maya"]
[Result "0-1"]
[WhiteTitle "CM"]
[BlackTitle "WCM"]
[WhiteElo "1954"]
[BlackElo "1974"]
[WhiteFideId "1112864"]
[BlackFideId "34115843"]
[EventDate "2025.05.20"]

1. e4 c5 2. Nf3 e6 3. d4 cxd4 4. Nxd4 a6 5. Bd3 Nc6 6. Be3 Qf6 7. c3 Bc5 8. Nf5
Bxe3 9. Nxe3 Nh6 10. O-O O-O 11. Nd2 b5 12. Nf3 d6 13. h3 Bb7 14. Bc2 Rfd8 15.
Nd4 Rac8 16. Nb3 Ne5 17. Qd4 Qh4 18. Qb6 Ba8 19. f3 Rc6 20. Qa7 Rdc8 21. Nd4 Rc4
22. Nxc4 Nxc4 23. Qxa6 Rd8 24. Qxb5 d5 25. e5 Qf4 26. Rfe1 Nf5 27. Bxf5 Qxf5 28.
b3 Qd3 29. bxc4 dxc4 0-1

[Event "Titled Tue 20th May Early"]
[Site "chess.com INT"]
[Date "2025.05.20"]
[Round "11"]
[White "Yushko, Olga"]
[Black "Nielsen-Refs, Karl-Emil Elmer"]
[Result "1-0"]
[WhiteTitle "WFM"]
[BlackTitle "CM"]
[WhiteElo "2036"]
[BlackElo "2095"]
[WhiteFideId "14114500"]
[BlackFideId "1452797"]
[EventDate "2025.05.20"]

1. d4 Nf6 2. c4 e6 3. Nc3 d5 4. cxd5 exd5 5. Bg5 Be7 6. e3 O-O 7. Bd3 c6 8. Nge2
h6 9. Bh4 Nbd7 10. O-O Re8 11. Re1 Nf8 12. f3 b5 13. Rc1 a5 14. Bf2 a4 15. e4
dxe4 16. fxe4 Ba6 17. Ng3 b4 18. Bxa6 bxc3 19. Bb7 cxb2 20. Rb1 Rb8 21. Bxc6 Bb4
22. Re2 Re6 23. Bxa4 Ba3 24. Bb3 Rc6 25. Rc2 Rbc8 26. Be3 Rxc2 27. Bxc2 Ne6 28.
d5 Nc5 29. Bd4 Ncxe4 30. Nxe4 Nxe4 31. Bxb2 Bxb2 32. Rxb2 Qf6 33. Qc1 Qf2+ 34.
Kh1 1-0